000
00259nam a22000977a 4500
008
160512b xxu||||| |||| 00| 0 eng d
041
_a
eng
080
_a
612.39
245
_a
Food microbiology protocols:
_c
John Spencer; Alicia Ragout de Spencer;
942
_2
udc
_c
BK
999
_c
2120
_d
2120